Statistics for Geography - Countries by numbers #4

Click here to take the quiz!

General Stats

  • This quiz has been taken 4,332 times
    (4,280 since last reset)
  • The average score is 18 of 28

Answer Stats

HintAnswer% Correct
The only two countries that borders three oceansUSA
98%
The six largest countries by areaRussia
97%
Canada
96%
USA
93%
China
92%
Australia
91%
Brazil
88%
Name the seven countries that have territories in AntarcticaUnited Kingdom
79%
Argentina
78%
Chile
72%
The only country with a flag that is not rectangularNepal
71%
France
69%
New Zealand
66%
Name the five nations that only has one vowel in it's name*Chad
62%
Norway
56%
{Czech} Republic
49%
The three monarchies that still exist in Africa todaySwaziland
46%
Lesotho
45%
Zimbabwe
42%
Botswana
42%
Kazungula is the only place on earth there four countries border each other at the same point. Name these countries.Zambia
42%
Egypt
40%
Namibia
39%
Morocco
36%
Cyprus
19%
Kyrgyzstan
17%

Score Distribution

Percentile by Number Answered

Percent of People with Each Score

Your Score History

You have not taken this quiz since the last reset